BIBLIOTECA

SENCICO

Introducción a la Ingeniería : (Registro nro. 1100)

Detalles MARC
000 -LEADER
fixed length control field 00833nam a2200253Ia 4500
003 - CONTROL NUMBER IDENTIFIER
control field PE SENCICO BE
005 - DATE AND TIME OF LATEST TRANSACTION
control field 20251020182459.0
008 - FIXED-LENGTH DATA ELEMENTS--GENERAL INFORMATION
fixed length control field 200515s9999 xx 000 0 und d
020 ## - INTERNATIONAL STANDARD BOOK NUMBER
International Standard Book Number 978-958-8675-93-0
040 ## - CATALOGING SOURCE
Original cataloging agency PE SENCICO BE
Transcribing agency PE SENCICO BE
041 ## - LANGUAGE CODE
Language code of text/sound track or separate title spa
082 ## - DEWEY DECIMAL CLASSIFICATION NUMBER
Classification number 620
Item number R77
100 1# - MAIN ENTRY--PERSONAL NAME
Personal name Rojas López, Miguel David
9 (RLIN) 1309
Relator term autor
245 10 - TITLE STATEMENT
Title Introducción a la Ingeniería :
Remainder of title guía profesional /
Statement of responsibility, etc. Miguel David Rojas López, Carolina Ruiz Ruiz
250 ## - EDITION STATEMENT
Edition statement 1a ed.
260 ## - PUBLICATION, DISTRIBUTION, ETC.
Place of publication, distribution, etc. Bogotá, D.C. :
Name of publisher, distributor, etc. ediciones de la U,
Date of publication, distribution, etc. 2011
300 ## - PHYSICAL DESCRIPTION
Extent 133 p.:
Other physical details diagrs., tabls. ;
Dimensions 24 cm.
650 10 - SUBJECT ADDED ENTRY--TOPICAL TERM
Topical term or geographic name entry element Ingeniería
9 (RLIN) 1310
650 20 - SUBJECT ADDED ENTRY--TOPICAL TERM
Topical term or geographic name entry element Formación profesional
9 (RLIN) 1311
650 20 - SUBJECT ADDED ENTRY--TOPICAL TERM
Topical term or geographic name entry element Orientación profesional en ingeniería
9 (RLIN) 1312
700 1# - ADDED ENTRY--PERSONAL NAME
9 (RLIN) 1313
Personal name Ruiz Ruiz, Carolina
Relator term autor
942 ## - ADDED ENTRY ELEMENTS (KOHA)
Koha item type Libros
Source of classification or shelving scheme Dewey Decimal Classification
Existencias
Fecha de la última vez que lo usaron Número de ingreso o de inventario Pago total Signatura topográfica completa Precio efectivo desde Tipo de documento Estado perdido Sistema de clasificación Estado dañado No es para préstamo Retirado Ubicación permanente Ubicación actual Fecha de adquisición Fuente de adquisición
15/05/2020 15740   620/R77 15/05/2020 Libros   Dewey Decimal Classification       Biblioteca Central Lima Biblioteca Central Lima 15/05/2020  
16/08/2023 16615   620/R77/ej. 2 16/08/2023 Libros   Dewey Decimal Classification       Biblioteca Central Lima Biblioteca Central Lima 26/07/2023 Comprado de la librería Libun